Plant biology / (Record no. 17068)

MARC details
000 -LEADER
fixed length control field 01202cam a22003494i 4500
001 - CONTROL NUMBER
control field 13858699
003 - CONTROL NUMBER IDENTIFIER
control field EG-ScBUE
005 - DATE AND TIME OF LATEST TRANSACTION
control field 20260318093858.0
008 - FIXED-LENGTH DATA ELEMENTS--GENERAL INFORMATION
fixed length control field 050202t2006 njua f d 001 0 eng d
020 ## - INTERNATIONAL STANDARD BOOK NUMBER
International Standard Book Number 0131469061
020 ## - INTERNATIONAL STANDARD BOOK NUMBER
International Standard Book Number 9780131469068
040 ## - CATALOGING SOURCE
Original cataloging agency EG-ScBUE
Language of cataloging eng
Description conventions rda
Transcribing agency EG-ScBUE
Modifying agency EG-ScBUE
082 04 - DEWEY DECIMAL CLASSIFICATION NUMBER
Classification number 580.14
Edition number 22
Item number GRA
100 1# - MAIN ENTRY--PERSONAL NAME
Personal name Graham, Linda E.,
Dates associated with a name 1946-
9 (RLIN) 31097
Relator term author.
245 10 - TITLE STATEMENT
Title Plant biology /
Statement of responsibility, etc Linda E. Graham, University of Wisconsin, James M. Graham, University of Wisconsin, Lee W. Wilcox, University of Wisconsin.
250 ## - EDITION STATEMENT
Edition statement Second edition.
264 #1 - PUBLICATION, DISTRIBUTION, ETC. (IMPRINT)
Place of publication, distribution, etc Upper Saddle River, NJ :
Name of publisher, distributor, etc Pearson/Prentice Hall,
Date of publication, distribution, etc [2006]
264 #4 - PUBLICATION, DISTRIBUTION, ETC. (IMPRINT)
Date of publication, distribution, etc c2006
300 ## - PHYSICAL DESCRIPTION
Extent xxix, 670 pages :
Other physical details illustrations (chiefly color) ;
Dimensions 29 cm
336 ## - CONTENT TYPE
Source rdacontent
Content type term text
Content type code txt
337 ## - MEDIA TYPE
Media type term unmediated
Source rdamedia
Media type code n
338 ## - CARRIER TYPE
Carrier type term volume
Carrier type code nc
Source rdacarrier
500 ## - GENERAL NOTE
General note Includes index.
500 ## - GENERAL NOTE
General note Includes glossary.<br/>
500 ## - GENERAL NOTE
General note Includes Appendices.<br/>
650 #7 - SUBJECT ADDED ENTRY--TOPICAL TERM
Topical term or geographic name as entry element Botany
Form subdivision Textbooks.
9 (RLIN) 31098
Source of heading or term BUEsh
653 ## - INDEX TERM--UNCONTROLLED
Arrived date list October2012
655 ## - INDEX TERM--GENRE/FORM
Form subdivision Reading book
700 1# - ADDED ENTRY--PERSONAL NAME
Personal name Graham, James M.,
Dates associated with a name 1945-
9 (RLIN) 31099
Relator term author.
700 1# - ADDED ENTRY--PERSONAL NAME
Personal name Wilcox, Lee Warren,
9 (RLIN) 31100
Relator term author.
942 ## - ADDED ENTRY ELEMENTS (KOHA)
Source of classification or shelving scheme Dewey Decimal Classification
Koha item type Book - Borrowing
Holdings
Withdrawn status Lost status Source of classification or shelving scheme Damaged status Not for loan Collection code Home library Current library Shelving location Date acquired Source of acquisition Total Checkouts Full call number Barcode Date last seen Price effective from Koha item type
    Dewey Decimal Classification     Baccah Central Library Central Library First floor 09/10/2012     580.14 GRA 000027637 15/07/2025 09/10/2012 Book - Borrowing